00705 2200205 4500001002100000005001500021035002000036007000300056008003900059082001100098084001700109100002500126245015600151260005300307300004100360650001100401600003500412600003900447022001300486INLIS00000000000126520250327084228 a0010-0325000027ta250327 | | |  a634.77 a634.77 AGU s0 aAgus Subhan Prasetyo1 aSustainability of Small and Medium Enterprises of Banana Processed Products Based on Economic, Social and Environmental Impacts /cAgus Subhan Prasetyo aUnited Kingdom, Bristol :bIOP Publishing,c2024 a1-10 hlm, :bIlus ;c21 cm x 29,7 cm 4aJurnal 4aEkonomi, Sosial dan Lingkungan 4aUsaha Kecil Menengah Olahan Pisang a17551315